| 000 | 00511nam a2200157 i 4500 | ||
|---|---|---|---|
| 001 | 83341 | ||
| 003 | ES-MaACL | ||
| 005 | 20230906174819.0 | ||
| 007 | t| | ||
| 008 | 041116s1976 sp ||||1| spa d | ||
| 245 | 0 | 0 |
_aSalarios _b: primer trimestre de 1976 : empresas con diez o más empleados / _cInstituto Nacional de Estadística. |
| 260 |
_a[Madrid : _bs.n., _c1976] |
||
| 300 |
_aXI, 73 p. ; _c24 cm. |
||
| 710 | 2 |
_aInstituto Nacional de Estadística (España) _95162 |
|
| 852 |
_aES-MaACL _jA-6067 _bR.95187 |
||
| 999 |
_c83341 _d83341 |
||